000 01007nam a2200253 4500
001 140161
003 ES-MaACL
005 20230906200025.0
007 t|
008 070214s1945 sp r ||||1| spa d
080 _aE-227
100 1 _aSchulten, Hans.
_9104770
245 1 0 _aDiagnóstico y tratamiento de las leucemias /
_cHans Schulten . La génesis de la miopía : consecuencias prácticas ; La sulfamidorresistencia en la gonococia / J. Casanova ; traducción española, apéndice y microfotografías de J. Vives Mañé.
260 _aBarcelona :
_bBesa y Pagés,
_c1945.
300 _a76 p., 2 lám. ;
_c21 cm.
490 1 _aCol. española de monografías médicas
700 1 _aVives Mañe, J.
_9115590
700 1 _aCasanova, J.
_936099
740 0 _aLa génesis de la miopía, consecuencias prácticas.
740 0 _aLa sulfamidorresistencia en la gonococia.
830 0 _aCol. española de monografías médicas
_9187048
852 _aES-MaACL
_jE-227
_bR.22014
999 _c140161
_d140161